Περνώντας τους λύκους για σκυλιά : νουάρ μυθιστόρημα
Αποθηκεύτηκε σε:
| Κύριος συγγραφέας: | |
|---|---|
| Μορφή: | Βιβλίο |
| Γλώσσα: | Greek French |
| Δημοσίευση: |
Αθήνα :
Εκδόσεις του Εικοστού Πρώτου,
c2017.
|
| Θέματα: | |
| Ετικέτες: |
Προσθήκη ετικέτας
Δεν υπάρχουν, Καταχωρήστε ετικέτα πρώτοι!
|
MARC
| LEADER | 00000cam a2200000 a 4500 | ||
|---|---|---|---|
| 001 | 1/120080 | ||
| 008 | 191008s2017####gr | ||| |||| ||gre|| | ||
| 020 | |a 9786185118327 | ||
| 040 | |a GR-MyUa |b gre |c GR-MyUa |e AACR2 | ||
| 041 | 1 | |a gre |h fre | |
| 082 | 7 | |a 843 |2 (23) | |
| 100 | 1 | |a Le Corre, Hervé, |d 1955- | |
| 245 | 1 | 0 | |a Περνώντας τους λύκους για σκυλιά : |b νουάρ μυθιστόρημα / |c Hervé Le Corre ; μετάφραση Γιάννης Καυκιάς. |
| 260 | |a Αθήνα : |b Εκδόσεις του Εικοστού Πρώτου, |c c2017. | ||
| 300 | |a 315 σ. ; |c 21 εκ. | ||
| 500 | |a Τίτλος πρωτοτύπου: Prendre les loups pour des chiens. | ||
| 650 | 0 | |a French fiction. | |
| 852 | |a INST |b SYROS |e 20191008 |h 843 LEC |p 005500014060 |q 005500014060 |t BK |y 0 | ||
| 920 | |a Τυροβολάς |b Γιάννης |y Σύρος |z 2019-10 | ||
| 970 | |a Κοντού |b Παρασκευή |z 08/10/2019 | ||